Loading...
Fine Arts - Visual Fine Arts | 0 | 3 | 0 | 0 | 30 | 51 | 67.67 | 1 | 3 |
History - American History | 0 | 3 | 0 | 1 | 30 | 75 | 93.00 | 0 | 0 |
Fine Arts - Classical Music | 0 | 2 | 0 | 0 | 20 | 42 | 46.00 | 0 | 1 |
History - Other History | 0 | 2 | 0 | 1 | 20 | 77 | 97.00 | 0 | 1 |
Literature - European Literature | 0 | 1 | 0 | 0 | 10 | 99 | 99.00 | 0 | 0 |
Religion | 0 | 1 | 0 | 1 | 10 | 123 | 123.00 | 0 | 0 |
Fine Arts - Other Fine Arts | 0 | 1 | 0 | 0 | 10 | 75 | 75.00 | 0 | 0 |
History - European History | 0 | 1 | 0 | 0 | 10 | 107 | 107.00 | 0 | 0 |
Literature - World/Other Literature | 0 | 1 | 0 | 0 | 10 | 152 | 152.00 | 0 | 0 |
Pop Culture | 0 | 1 | 0 | 0 | 10 | 82 | 82.00 | 0 | 1 |
History - World History | 0 | 1 | 2 | 0 | 0 | 99 | 99.00 | 0 | 0 |